000 00694nam a2200229Ia 4500
001 9704
003 GE_BSU
008 181216s||||||||xx |||||||||||||| ||und||
040 _cGE_BSU
080 _a821.353.1–1
100 _aმირცხულავა,ალიო (მაშაშვილი)
245 _aრჩეული
245 _bლექსები
245 _cრედ.პლ.ბებია,მხატვ.ოთ.ჯიშკარიანი
260 _aთბილისი
260 _bსახელგამი
260 _c1957
300 _a338გვ.21სმ.
653 _aლექსები
653 _aრჩეული
942 _cBK
999 _c42987
_d42987